| 000 | 00533cam a22002051a 4500 | ||
|---|---|---|---|
| 001 | sa 68011834 | ||
| 003 | DLC | ||
| 005 | 20260227112604.0 | ||
| 008 | 950323s1966 io 000 0 jav | ||
| 010 | _asa 68011834 | ||
| 025 | _aPL480:Indo-5603 | ||
| 035 | _a(OCoLC)32192765 | ||
| 040 |
_aDLC _cWU _dDLC |
||
| 042 | _apremarc | ||
| 050 | 0 | 0 |
_aPL5179.W5 _bW6 |
| 100 | 1 | _aWidajat, Widi. | |
| 245 | 1 | 0 |
_aWong wedok ke-tjentok² / _crinengga gambar: Sumarso Ws. |
| 260 |
_aSala : _b"Sasongko," _c[1966] |
||
| 300 |
_a38 p. ; _c15 cm. |
||
| 999 |
_c84140 _d84140 |
||